Central Library OPAC University of Rajshahi

النقد و النقاد المعاصرين : حسين المرصفي-ميخائيل نعيمة-عبدالرحمن شكري ;; alnaqd w alnuqaad almueasirin : husayn almursafi-mikhayiyl naeimat-eabdalrahman shukri / (Record no. 78771)

MARC details
000 -LEADER
fixed length control field 00868nam a2200217 a 4500
001 - CONTROL NUMBER
control field 78771
003 - CONTROL NUMBER IDENTIFIER
rucl marc code BD-RjUL
005 - DATE AND TIME OF LATEST TRANSACTION
control field 20211209083154.0
008 - FIXED-LENGTH DATA ELEMENTS--GENERAL INFORMATION
fixed length control field 211114s20062003ua ||||| |||| 001 e ara d
035 ## - SYSTEM CONTROL NUMBER
System control number (BD-RjUL)
040 ## - CATALOGING SOURCE
Original cataloging agency BD-RjUL
Language of cataloging eng
Transcribing agency BD-RjUL
041 ## - LANGUAGE CODE
Language code of text/sound track or separate title ara
082 ## - DEWEY DECIMAL CLASSIFICATION NUMBER
Edition number 23
Classification number 892.709
Author mark and year MAN 2006
100 1# - MAIN ENTRY--PERSONAL NAME
Personal name مندور، محمد.;; Mandour, Muhammad.
9 (RLIN) 247227
245 14 - TITLE STATEMENT
Title النقد و النقاد المعاصرين : حسين المرصفي-ميخائيل نعيمة-عبدالرحمن شكري ;; alnaqd w alnuqaad almueasirin : husayn almursafi-mikhayiyl naeimat-eabdalrahman shukri /
Statement of responsibility, etc. محمد مندور ;; Mohamad Mandour
250 ## - EDITION STATEMENT
Edition statement 5th. edition
260 ## - PUBLICATION, DISTRIBUTION, ETC. (IMPRINT)
Place of publication, distribution, etc. Misr :
Name of publisher, distributor, etc. دار نهضة مصر، ;; dar nahdat masra,
Date of publication, distribution, etc. 2006
300 ## - PHYSICAL DESCRIPTION
Pagination 191 p. ;
Size 19 cm
650 ## - SUBJECT ADDED ENTRY--TOPICAL TERM
Topical term or geographic name as entry element Arabic Literature
Form subdivision history and criticism
9 (RLIN) 249937
942 ## - ADDED ENTRY ELEMENTS (KOHA)
Source of classification or shelving scheme Dewey Decimal Classification
Koha item type Books
Holdings
Lost status Source of classification or shelving scheme Damaged status Not for loan Collection code Permanent Location Current Location Shelving location Date acquired Source of acquisition Cost, normal purchase price Total Checkouts Full call number Date last seen Copy number Koha item type
  Dewey Decimal Classification   Not For Loan Non-fiction Central Library, University of Rajshahi Central Library, University of Rajshahi Reading Room 17/11/2009 ahsania mission , dhaka 150.00   A 892.709 MAN 2006 14/11/2021 C-1 Books